01389nam a2200277 a 450000100100000000500170001000800410002702000150006804000130008308200210009610000420011724501350015924601100029426000620040430000210046649000300048750000370051750000630055465000530061783000370067004900090070795201340071695201190085095201250096999900170109400001084920240302073952.0091012s2005 dr 000 0 spa d a9993479519 aDO-SdBNP aRD861.44bR789cr1 aRosario Candelier, Bruno,d1941-985113aLa creación cosmopoética :bel sentido cósmico y el sentido estético en las letras universales /cBruno Rosario Candelier.14aLa creación cosmopoética :bel sentido cósmico y el sentido estético en la creación poética / aSanto Domingo :bAcademia Dominicana de la Lengua,c2005. a556 p. ;c23 cm.1 aA la zaga de tu huellav3 aIncluye notas al pie de página aIncluye datos biográficos del autor en la contracubierta 4aPoesía dominicanaxHistoria y crítica913072 0aA la zaga de tu huellan3926174 aBNPD 001054708DSaGRbGRcCTd2009-10-12iLF1l0oRD861.44 R789crp10849-30r2020-06-25te. 3w2020-06-25yLFDSZPréstamo en sala 0010718PDaPDbPDcCTd2009-10-12iLF1l0oRD861.44 R789crp10849-10r2020-06-25w2020-06-25yLFPDZNo se presta 0010718PDaPDbPDcCTd2009-10-12iLF1l0oRD861.44 R789crp10849-20r2020-06-25te. 2w2020-06-25yLFPDZNo se presta c10598d10598